Chelsea FC Squad 2023-2024 - Statistics

General Stats
  • This quiz has been taken 1,256 times
    404 since last reset
  • The average score is 18 of 31
Answer Stats
# Position Nation Player % Correct
1 GK Spain Robert Sánchez
92%
20 FW England Cole Palmer
89%
10 FW Ukraine Mykhaylo Mudryk
89%
8 MF Argentina Enzo Fernández
88%
3 DF Spain Marc Cucurella
88%
25 MF Ecuador Moisés Caicedo
82%
15 FW Senegal Nicolas Jackson
81%
6 DF Brazil Thiago Silva
80%
24 DF England Reece James
76%
7 FW England Raheem Sterling
68%
5 DF France Benoît Badiashile
67%
27 DF France Malo Gusto
67%
19 FW Albania Armando Broja
66%
11 FW England Noni Madueke
65%
2 DF France Axel Disasi
63%
33 DF France Wesley Fofana
63%
21 DF England Ben Chilwell
60%
- Coach Argentina Mauricio Pochettino
60%
18 FW France Christopher Nkunku
59%
26 DF England Levi Colwill
58%
28 GK Serbia Đorđe Petrović
56%
45 MF Belgium Roméo Lavia
54%
23 MF England Conor Gallagher
48%
14 DF England Trevoh Chalobah
47%
13 GK England Marcus Bettinelli
34%
17 MF England Carney Chukwuemeka
24%
29 DF Netherlands Ian Maatsen
24%
16 MF France Lesley Ugochukwu
22%
47 GK Finland Lucas Bergström
20%
42 DF England Alfie Gilchrist
17%
43 FW Portugal Diego Moreira
9%
No matching quizzes found
Score Distribution
Percent of People with Each Score
Percentile by Number Answered
Your Score History
You have not taken this quiz since the last reset